000
00331nam a2200121Ia 4500
008
230524s9999 xx 000 0 und d
100
_a
Walker Royce (Foreword by Barry Boehm)
245
0
_a
Software Project Management: A Unified Framework
260
_b
Pearson
500
_a
Quantity Number: 5
650
_a
Comp-Sc
942
_c
BK
999
_c
50225
_d
50225